000 00934nas a2200277 a 4500
003 AM-YeHGA
040 _aAM-YeHGA
650 0 4 _aԱմսագիր
942 _2udc
_cCR
090 _c343681
001 001046978
005 20250618074337.0
008 141114c19129999|||mrzp 0 0arm d
041 0 _aarm
222 0 _aՍոխակ
245 0 0 _aՍոխակ.
260 _aԿ. Պօլիս :
_bՏպ. Օսմանյան գործակցական ընկերության,
_c1912-.
300 _aհամար.
310 _aԱմսեկան
362 0 _a1912-
650 1 4 _aՄանկավարժության հոգեբանություն
_vՊարբերականներ
650 1 4 _aԲանասիրություն
_vՊարբերականներ
650 1 4 _aԳրականություն
_vՊարբերականներ
_98507
650 1 4 _aԳիտություն
_vՊարբերականներ
650 1 4 _aՍփյուռքահայ գաղթօջախներ
999 _c341890
_d341890